[Event "16th Delhi GM Open 2018"]
[Site "Delhi"]
[Date "2018.01.14"]
[Round "8"]
[White "Sindarov, Javokhir"]
[Black "Tiwari, Arjun"]
[Result "1-0"]
[WhiteElo "2429"]
[BlackElo "2179"]
[Annotator "TA"]
[PlyCount "89"]
[EventDate "2018.??.??"]
[EventType "swiss"]
[EventCountry "IND"]
[SourceTitle "playchess.com"]
[Source "ChessBase"]
[SourceQuality "1"]

{[%evp 23,89,-15,6,-29,22,22,15,9,22,27,20,18,90,14,61,0,74,72,79,89,127,127,120,120,125,117,118,114,131,125,152,160,179,179,172,168,177,184,183,181,227,228,239,231,220,227,330,319,405,391,506,521,507,463,981,975,989,913,996,885,739,661,29981,29981,29981,29980,29984,29985]} 1. e4 e5 2. Nf3 Nc6 3. d4 exd4 4. Nxd4 Nf6 5. Nxc6 bxc6 6. e5 Qe7 7. Qe2 Nd5 8. c4 Ba6 9. b3 O-O-O 10. Bb2 f6 11. Nd2 fxe5 {C45: Scotch Game} 12. O-O-O Nf6 {LiveBook: 6 Games} 13. g3 $146 ({Predecessor:} 13. Qxe5 Qxe5 14. Bxe5 Ng4 15. Bd4 c5 16. h3 cxd4 17. hxg4 Bb7 18. f3 h6 19. Bd3 Bb4 20. Bg6 d5 21. cxd5 Bxd5 22. Be4 {½-½ (22) Danin,A (2543)-Mikhalevski,V (2520) Zalakaros 2017}) 13... d5 (13... Kb8 $142) 14. Qxe5 $11 Qxe5 15. Bxe5 Ba3+ 16. Kc2 Rhe8 17. f4 Kb8 {[#]} (17... Kb7 $11) 18. Bh3 (18. cxd5 $1 $16 Bxf1 19. Rhxf1) 18... Bb4 19. Bf5 (19. a3 $1 $14 Bc5 20. Rhe1) 19... h6 (19... Bc8 $11 {remains equal.} 20. Bxc8 Kxc8) 20. a3 $16 Bxd2 21. Rxd2 dxc4 22. Rxd8+ Rxd8 23. bxc4 Bxc4 24. Rb1+ Ka8 25. Bxc7 Rf8 26. Be5 g5 27. Kc3 Ba2 {[#]} 28. Rb2 $1 gxf4 29. gxf4 Bd5 30. Bd6 Re8 31. Kd4 a5 32. Be5 Rf8 {intending ...Nh5.} 33. Bxf6 Rxf6 $18 {[%mdl 4096] Endgame KRB-KRB} 34. Ke5 Rf8 (34... Rf7 {might work better.} 35. Bd3 Re7+ 36. Kd4 Re1) 35. Bg6 a4 36. f5 {[%cal Bf4f5,Bf5f6][%mdl 32]} Bb3 37. f6 Kb7 38. Rf2 Kc7 (38... Rd8 $142 39. f7 Bxf7) 39. f7 c5 40. Kf6 Rb8 41. Kg7 Bxf7 42. Bxf7 Rb3 43. Bxb3 {White mates.} axb3 44. Rf3 c4 45. Rc3 {Precision: White = 82%, Black = 15%.} 1-0

[Event "16th Delhi GM Open 2018"]
[Site "Delhi"]
[Date "2018.01.14"]
[Round "8"]
[White "Sardana, Rishi"]
[Black "Deepan Chakkravarthy J"]
[Result "1/2-1/2"]
[WhiteElo "2402"]
[BlackElo "2475"]
[Annotator "TA"]
[PlyCount "281"]
[EventDate "2018.??.??"]
[EventType "swiss"]
[EventCountry "IND"]
[SourceTitle "playchess.com"]
[Source "ChessBase"]
[SourceQuality "1"]

{[%evp 27,281,12,16,-2,-2,5,73,27,23,35,23,18,24,31,51,41,43,21,84,82,136,6,16,33,25,15,39,34,56,55,143,124,277,178,170,170,183,176,241,240,228,173,283,278,289,0,0,0,0,0,0,-142,-143,-177,-179,-247,-232,-211,-218,-200,-62,-62,-62,-62,-47,-47,-51,-62,-62,-56,-47,-42,-41,-46,-40,-62,-62,-62,-62,-62,0,-62,0,-61,0,-62,0,-62,0,-62,-62,-61,-37,-37,-37,-62,-62,-62,-62,-62,-62,-62,-62,-62,-62,-62,-62,-62,0,-62,-62,-51,-23,-62,-62,-62,-62,-62,-62,-62,0,-60,-8,-33,-8,-8,-8,-8,-8,-23,0,-23,0,-8,0,-8,0,-8,0,-29976,-8,-29972,-29975,-29975,-29976,-29976,-19,-23,-8,-8,-8,-29964,0,-23,0,-8,0,-4593,-8,-38,-8,-30,-8,-32,-8,-31,-31,-54,-54,-54,-54,-54,-8,-54,-54,-54,-8,0,0,-54,0,-8,0,-54,-8,-54,-8,-8,-8,-8,-8,-29983,0,-8,-8,-8,-8,-8,0,0,0,-8,-8,-8,0,0,0,0,0,-8,0,0,0,-8,0,-8,0,0,0,0,0,0,0,0,0,0,0,0,0,0,0,0,0,-29987,-29988,-29988,-8,-8,0,-8,0,-8,-8,0,0,0,0,0,0,0,0,0,0,0,0,0]} 1. e4 e6 2. d4 d5 3. Nd2 c5 4. exd5 Qxd5 5. Ngf3 cxd4 6. Bc4 Qd6 7. O-O Nc6 8. Nb3 a6 9. Nbxd4 Nxd4 10. Nxd4 Nf6 11. Re1 Be7 12. c3 {C07: French Tarrasch: 3...c5, 4 Ngf3 and 4 exd5 Qxd5} Qc7 13. Bb3 O-O 14. Qf3 Bd6 {LiveBook: 5 Games} 15. Qh3 (15. h3 Bh2+ 16. Kh1 Be5 17. Be3 Bd7 18. Rad1 Rfd8 19. Rd2 Be8 20. Red1 Qe7 {0-1 (73) Giri,A (2720)-Ding,L (2702) Beijing 2012}) 15... e5 16. Nf5 g6 $146 (16... e4 $11 {remains equal.}) ({Find the theoretical novelty and annotate with similar games:} 16... e4 17. Bg5 Qc5 18. Bxf6 Bxf5 19. Bd4 Bxh3 20. Bxc5 Bxc5 21. gxh3 {½-½ (127) O'Donnell,T (2370)-Kazmaier,D (2135) Calgary 2009}) 17. Qh4 Bxf5 18. Qxf6 {White threatens Bh6 and mate.} e4 19. Qh4 Rfe8 20. Bg5 a5 21. Bd5 a4 22. Rad1 a3 (22... Be6 $11) 23. b3 $1 $16 Qxc3 {[#]} (23... h5 $142) 24. Bxb7 (24. Bxf7+ $1 $16 {[%mdl 512]} Kxf7 25. Qxh7+ Qg7 26. Qxg7+ Kxg7 27. Rxd6) 24... Rab8 25. Bd5 $36 {[%mdl 2048] White is more active.} h5 26. Bc4 ({Much worse is} 26. Bxe4 Bxe4 27. Rxe4 Bf8 $17) 26... Be5 27. h3 Kg7 28. Rc1 Qb4 ({Black should play} 28... Qa5 $14) 29. g4 $1 {[%cal Rg4f5]} Bd7 $2 (29... hxg4 $16 {was worth a try.} 30. Qh6+ Kg8) 30. gxh5 Bf5 31. h6+ ({Don't go for} 31. hxg6 $2 Rh8 $19) 31... Kh7 32. Bxf7 Rf8 (32... Rec8 {is a better defense.} 33. Rcd1 Qc3) 33. Be7 $18 Qd2 34. Bxf8 Rxf8 (34... g5 $142 35. Red1 (35. Qh5 Rxf8 36. Rcd1 Qf4 $11) 35... Qxc1 36. Rxc1 gxh4) 35. Qe7 Bd6 36. Bxg6+ $2 (36. Bg8+ $18 Kxh6 37. Qh4+ Kg7 38. Rcd1) 36... Kxg6 $11 37. Qg7+ Kh5 38. Rcd1 Qf4 39. Rxd6 (39. Rd5 $11 e3 40. Qg4+ Kxh6 41. Qxf4+ Bxf4 42. fxe3 Rg8+ 43. Kf1 Bxh3+ 44. Ke2) 39... Qxd6 $17 40. Re3 Qxh6 41. Qxh6+ (41. Qe5 $142) 41... Kxh6 $19 {[%mdl 4096] Endgame KRB-KR} 42. b4 Ra8 $1 43. b5 Kg5 ({Better is} 43... Be6 $19 44. b6 Bxa2) 44. f3 $15 Kf4 45. Kf2 Rb8 46. fxe4 Bxe4 47. Rxa3 Rxb5 {White must now prevent ...Rb2+.} 48. Rb3 Rc5 {Strongly threatening ...Rc2+.} 49. a4 Rc2+ 50. Ke1 Bf3 51. Rb8 Re2+ 52. Kf1 Ra2 53. Ke1 Re2+ 54. Kf1 Rc2 55. Ke1 $1 Re2+ (55... Bd5 {NOTEXT} 56. Rd8 Be4 57. Rd2 Rc1+ 58. Rd1 Rc3) 56. Kf1 Ra2 57. Ke1 $1 Re2+ (57... Be4 {NOTEXT} 58. Rb3 Bc2 59. Rc3 Bxa4 60. h4 Rh2) 58. Kf1 Rh2 59. Ke1 Be4 {...Ke3 is the strong threat.} (59... Bd5 {NOTEXT} 60. Rc8 Rxh3 61. a5 Ke5 62. a6 Kd6) 60. Rb3 Bc2 61. Rc3 Bxa4 62. Kf1 Bd1 63. Ke1 Bf3 64. Rc7 Ra2 65. h4 Re2+ 66. Kf1 Rh2 67. Ke1 Re2+ 68. Kf1 Rb2 69. Ke1 Bg4 (69... Rh2 {NOTEXT} 70. Rf7+ Ke3 71. Re7+ Kd4 72. Rd7+ Ke5) 70. Rc3 Rh2 71. Rb3 Bf3 72. Rb8 Be4 73. Rb3 Bf3 74. Rb8 $1 Bh5 (74... Bc6 $1 $15) 75. Rb3 Bg4 76. Rc3 Ra2 77. Rb3 Bf3 78. Rc3 Rh2 79. Rb3 Bg4 80. Rc3 Ra2 81. Rb3 Bf3 82. Rb8 Rh2 83. Rd8 $2 {[%mdl 8192]} (83. Rb3 $11) 83... Be4 $2 (83... Ke3 $1 84. Re8+ Be4 85. Rf8 Rxh4 86. Rf7 Rh2 87. Rf8 Rh4 88. Rf7 Rh2 89. Rf8 Rb2 90. Rd8 Rh2 91. Rf8) 84. Kd1 $2 {[%mdl 8192]} (84. Rd2 $11 Rh1+ 85. Kf2) 84... Ke3 {[%cal Rh2h1]} 85. Kc1 Rc2+ $1 86. Kd1 Rb2 $2 (86... Rc4 87. Ke1 Rc7 88. Rd6 Rg7 89. Rf6 Ra7 90. Rd6 Rg7 91. Rf6 Rg1+ 92. Rf1 Rg2 93. Rf7 Rg1+ 94. Rf1 Rg7 95. Rf8 Rb7 96. Rd8 Rc7 97. h5 Rg7 98. Rf8 Rg1+ 99. Rf1 Rg5 100. Rf7 Rb5 101. Rd7 Rg5 102. Rf7 Rc5 103. Rd7 Rxh5 104. Rf7 Rb5 105. Rd7 Rb1+ 106. Rd1 Rb2 107. Rd8 Rb1+ 108. Rd1 Rb2 109. Rd7 Rc2 110. Kd1 Rc6 111. Ke1 Rh6 112. Rf7 Rb6 113. Rd7 Rh6 114. Rf7 Rb6 115. Rd7 Rh6) 87. Rc8 $1 $11 Rb1+ (87... Bf3+ {NOTEXT} 88. Kc1 Rb5 89. Kc2 Bh5 90. Kc3 Rd5) 88. Rc1 Rb7 89. Rc5 $2 {[%mdl 8192]} (89. Rc3+ $11 Bd3 90. Rc8) 89... Rb2 $2 (89... Kd3 $1 90. Ke1 Rf7 91. Rg5 Ke3 92. Rg8 Rb7 93. Rd8 Rb5 94. Rd7 Rb8 95. h5 Rb1+ 96. Rd1 Rb5 97. Rd8 Rg5 98. Rf8 Rc5 99. Rd8 Bc6 100. h6 Rh5 101. Rf8 Bb5 102. Kd1 Rc5 103. Rf3+ Kxf3 104. Kd2 Ke4 105. h7 Rc8 106. h8=Q Rxh8 107. Kc3 Bd3 108. Kb2 Kd4 109. Kb3 Rb8+ 110. Ka4 Kc3 111. Ka5 Rb2 112. Ka4 Ra2#) 90. Rc8 Rb1+ (90... Rg2 {NOTEXT} 91. Rc3+ Bd3 92. Kc1 Rg1+ 93. Kb2 Rb1+) 91. Rc1 Rb7 $2 {[%mdl 8192]} (91... Rb6 $11 92. Rc8 Rb7) 92. Rc5 $19 Rb8 $2 (92... Kd3 $1 $19 93. Ke1 Rf7) 93. Rc7 Rb4 94. Rc8 Bg6 95. Rc6 Bf5 96. Rc5 Bd3 97. Rc7 Rxh4 {[%cal Rh4h1]} 98. Kc1 Rb4 {[%csl Gd3][%cal Rb4b1]} 99. Kd1 $1 Rb1+ 100. Rc1 Rb7 101. Rc8 Bg6 102. Rc3+ Bd3 (102... Kd4 $11 103. Ra3 Bd3) 103. Rc8 $1 $15 Rb4 104. Rc7 Rh4 {[%cal Rh4h1]} 105. Kc1 Rh2 106. Rc8 Kd4 (106... Rh1+ {NOTEXT} 107. Kb2 Rb1+ 108. Ka2 Kd2 109. Rd8 Rb7) 107. Ra8 Rc2+ 108. Kd1 Rf2 109. Ra7 $2 {[%mdl 8192] [#]} (109. Kc1 $11) 109... Rb2 $2 (109... Ke3 $1 110. Re7+ Be4 111. Kc1 Rc2+ 112. Kd1 Rh2 113. Kc1 Rc2+ 114. Kd1 Rh2 115. Kc1 Rc2+) 110. Rc7 (110. Kc1 {NOTEXT} Rf2 111. Kd1) 110... Bc4 111. Ke1 Re2+ 112. Kd1 Rh2 113. Ke1 Re2+ 114. Kd1 Kd3 115. Ra7 Rb2 {[%cal Rb2b1]} 116. Ke1 Kd4 (116... Ba2 {NOTEXT} 117. Rd7+ Ke3 118. Re7+ Kd3 119. Rd7+) 117. Rc7 Re2+ (117... Ba2 {NOTEXT} 118. Rd7+ Ke3 119. Re7+ Kd3 120. Rd7+ Ke3) 118. Kd1 Rh2 119. Ke1 Re2+ 120. Kd1 Kd3 121. Ra7 Rb2 {[%cal Rb2b1]} 122. Ke1 Ke3 {[%cal Rb2b1]} (122... Rb1+ {NOTEXT} 123. Kf2 Kc3 124. Re7 Rf1+ 125. Kg2 Kd4) 123. Re7+ Kf3 124. Kd1 Bd3 125. Kc1 Rg2 126. Re8 Be4 127. Rc8 Bd3 128. Re8 Be4 129. Re7 Ke3 130. Re8 $2 {[%mdl 8192] [#]} (130. Rc7 $11) 130... Rc2+ $1 131. Kd1 Rb2 $2 (131... Rc5 {NOTEXT} 132. Re7 Rg5 133. Kc1 Rb5 134. Rxe4+ Kxe4 135. Kc2 Kd4 136. Kd2 Rb2+ 137. Kc1 Re2 138. Kd1 Ke3 139. Kc1 Kd3 140. Kd1 Re7 141. Kc1 Rb7 142. Kd1 Rb1#) 132. Rc8 $11 {The position is equal.} Bd3 133. Rc7 Kd4 134. Rc8 Bc4 {aiming for ...Kc3.} 135. Re8 Rf2 136. Ke1 Rg2 137. Rd8+ Kc3 {Hoping for ...Re2+.} 138. Re8 Bb5 139. Re6 Kd3 140. Rd6+ Kc3 {( -> ...Re2+)} 141. Re6 {Precision: White = 56%, Black = 42%.} 1/2-1/2

[Event "16th Delhi GM Open 2018"]
[Site "Delhi"]
[Date "2018.01.14"]
[Round "8"]
[White "Kaustuv, Kundu"]
[Black "Tran, Tuan Minh"]
[Result "1/2-1/2"]
[WhiteElo "2324"]
[BlackElo "2548"]
[Annotator "TA"]
[PlyCount "89"]
[EventDate "2018.??.??"]
[EventType "swiss"]
[EventCountry "IND"]
[SourceTitle "playchess.com"]
[Source "ChessBase"]
[SourceQuality "1"]

{[%evp 23,89,-22,-20,-29,0,0,37,44,47,58,67,64,92,85,112,97,108,94,108,72,72,74,73,65,67,64,63,61,61,60,61,52,55,55,56,52,60,50,68,68,59,61,72,76,57,22,84,94,70,8,8,8,8,8,30,8,8,8,8,8,8,8,8,8,8,8,8,8]} 1. Nf3 c5 2. g3 g6 3. Bg2 Bg7 4. O-O Nc6 5. c4 e5 6. Nc3 Nge7 7. a3 O-O 8. Rb1 a5 9. d3 d6 10. Bd2 h6 11. Nd5 Nxd5 {A37: Symmetrical English vs ...g6: 4 Bg2 Bg7 5 Nf3} 12. cxd5 Ne7 {LiveBook: 5 Games} 13. e4 (13. Ne1 g5 14. e4 f5 15. exf5 Bxf5 16. Be4 Qd7 17. Ng2 Bg4 18. f3 Bf5 19. h4 gxh4 20. Nxh4 Bxe4 21. dxe4 {1-0 (36) Castro Rojas,O (2369)-Panesso Rivera,H (2351) Santa Rosa 2011}) 13... f5 {Black has an edge.} 14. b4 axb4 15. axb4 b6 16. Bc3 fxe4 $146 ({Predecessor:} 16... Qc7 17. bxc5 bxc5 18. Qd2 f4 19. h3 fxg3 20. fxg3 {½-½ (32) Forster,G-Mokosch,A (2185) Passau 1997}) 17. dxe4 Qe8 18. Qb3 Bd7 19. bxc5 bxc5 20. Nd2 Rb8 21. Qxb8 Qxb8 22. Rxb8 Rxb8 23. Ra1 {[#] Strongly threatening Ra7.} Nc8 24. Bf1 g5 25. Rb1 (25. f3 {with more complications.} h5 26. Be2 Kf7 27. Ra3 Bf6 28. Nc4) 25... Rxb1 26. Nxb1 Bf6 27. Na3 Bd8 28. f3 Kf7 29. Kf2 Bc7 30. Bb5 Ke7 31. f4 exf4 32. gxf4 gxf4 33. Kf3 Bd8 34. Kxf4 Bxb5 (34... Nb6 $11 {remains equal.}) 35. Nxb5 $14 {[%mdl 4096] Endgame KBN-KBN} Kf7 36. e5 (36. Na3 $14) 36... dxe5+ $11 37. Bxe5 Nb6 38. Ke4 {Black must now prevent Nd6+.} Nc4 39. Nd6+ Nxd6+ {The position is equal.} 40. Bxd6 Be7 41. Bxe7 Kxe7 {KPP-KPP} 42. Kd3 h5 43. Kc4 h4 ({Don't go for} 43... Kd6 $2 44. h4 $18) 44. Kxc5 {[#] White wants to mate with Kc6.} Kd7 $1 45. h3 {Precision: White = 59%, Black = 74%.} 1/2-1/2

[Event "16th Delhi GM Open 2018"]
[Site "Delhi"]
[Date "2018.01.14"]
[Round "8"]
[White "Koustav Chatterjee"]
[Black "Pruijssers, Roeland"]
[Result "1/2-1/2"]
[WhiteElo "2288"]
[BlackElo "2536"]
[Annotator "TA"]
[PlyCount "36"]
[EventDate "2018.??.??"]
[EventType "swiss"]
[EventCountry "IND"]
[SourceTitle "playchess.com"]
[Source "ChessBase"]
[SourceQuality "1"]

{[%evp 20,36,11,4,16,14,32,22,67,45,52,36,70,63,86,87,87,90,94]} 1. d4 Nf6 2. Bf4 d5 3. e3 c5 4. c3 Nc6 5. Nd2 e6 6. Ngf3 Bd6 7. Bg3 O-O 8. Bd3 b6 9. Qe2 {D02: 1 d4 d5 2 Nf3 sidelines, including 2...Nf6 3 g3 and 2...Nf6 3 Bf4} Be7 (9... Bb7 10. Rd1 Re8 11. e4 e5 12. dxe5 Nxe5 13. Nxe5 Bxe5 14. f4 dxe4 15. Bb5 Bc7 16. Nc4 Qe7 17. Bxe8 Rxe8 {1-0 (61) Le,Q (2739)-Caruana,F (2807) Saint Louis 2017}) 10. Ne5 Bb7 11. Rd1 {LiveBook: 3 Games. The position is equal.} Nxe5 $146 ({Predecessor:} 11... Nd7 12. O-O c4 13. Bc2 f5 14. Nxd7 Qxd7 15. b3 b5 16. bxc4 bxc4 {1-0 (42) Golubov,S (2504)-Burmakin,V (2508) Kazan 2017}) 12. dxe5 Ne8 13. e4 Nc7 14. exd5 exd5 15. O-O Qd7 16. f4 f5 {[#]} 17. exf6 $1 Bxf6 18. Nf3 Rae8 1/2-1/2

[Event "16th Delhi GM Open 2018"]
[Site "Delhi"]
[Date "2018.01.14"]
[Round "8"]
[White "Rathanvel, V S"]
[Black "Tukhaev, Adam"]
[Result "0-1"]
[WhiteElo "2284"]
[BlackElo "2570"]
[Annotator "TA"]
[PlyCount "128"]
[EventDate "2018.??.??"]
[EventType "swiss"]
[EventCountry "IND"]
[SourceTitle "playchess.com"]
[Source "ChessBase"]
[SourceQuality "1"]

{[%evp 24,128,60,44,66,64,62,53,80,77,100,-80,-85,-102,-78,-79,-79,-72,9,0,19,37,31,49,60,6,5,14,60,0,3,0,0,0,0,0,0,0,0,-25,0,-25,-25,-25,-36,-29,-14,-14,-14,-14,-14,-78,-77,-86,-106,-90,-76,-112,-107,-95,-76,-99,-86,-95,-51,-79,-76,-83,-83,-100,-54,-295,-363,-340,-217,-483,-461,-307,-288,-446,-283,-304,-150,-325,-150,-883,-754,-699,-699,-641,-409,-1143,-1341,-1156,-29968,-1057,-29966,-2418,-1606,-29985,-29986,-29986,-29987,-29987,-29988,-29988,-29987]} 1. e4 c5 2. Nf3 Nc6 3. d4 cxd4 4. Nxd4 Qb6 5. Nb3 Nf6 6. Nc3 e6 7. Qe2 Bb4 8. Bd2 O-O 9. a3 {B33: Sicilian: Pelikan and Sveshnikov Variations} (9. O-O-O d5 10. exd5 exd5 11. Be3 Qc7 12. Nb5 Qd8 13. f3 a6 14. N5d4 Re8 15. Qf2 Ne5 16. Bd2 Bd6 17. Kb1 a5 18. Bb5 a4 {½-½ (76) Amonatov,F (2620)-Korobov,A (2692) Doha 2016}) 9... Be7 10. O-O-O d5 11. e5 Nd7 12. f4 Nc5 13. Nxc5 {LiveBook: 10 Games} Qxc5 14. Qf3 Bd7 15. Bd3 $146 ({Predecessor:} 15. Na4 Qxc2+ 16. Kxc2 Nd4+ {½-½ (30) Miron,L (2495)-Filip,L (2395) Arad 2017}) 15... Rac8 16. Na4 Qd4 17. Bb4 $2 (17. Qh3 $1 $16 {[%csl Gd3][%cal Rh3h7] keeps the pressure on.} h6 18. Nc3) 17... Bxb4 $17 {[#]} 18. Bxh7+ $1 {[%mdl 512]} Kxh7 19. Rxd4 Nxd4 20. Qd3+ Kg8 (20... Nf5 $17 21. axb4 Bxa4) 21. Qxd4 $11 Bxa4 22. Qxb4 Rxc2+ 23. Kb1 Rc4 24. Qxb7 (24. Qd2 $14) 24... Bc2+ 25. Ka1 a5 26. b3 ({White should play} 26. Rc1 $14) 26... Rxf4 27. Rc1 Rf2 28. Qa7 Rxg2 29. Rg1 Rxg1+ 30. Qxg1 Bxb3 {[%mdl 4096] Endgame KQ-KRB} 31. h4 {[%cal Bh2h4,Bh4h5][%mdl 32]} Bc2 32. h5 Rc8 33. h6 $1 {[%csl Gh6][%cal Rg1g7]} Bg6 34. hxg7 a4 35. Qa7 Rc4 36. Qe7 {Intending Qf8+ and mate.} Kxg7 {aiming for ...Kh6.} 37. Qf6+ (37. Qg5 $1 $11 {keeps the balance.}) 37... Kh6 $1 $17 38. Kb2 Kh5 39. Qf3+ Kg5 40. Qf6+ Kg4 $1 41. Qf1 Kg3 42. Qg1+ Kf4 43. Qh2+ Kf3 44. Qh1+ Ke3 {...Rc2+ is the strong threat.} 45. Qh3+ Ke4 46. Qh2 d4 47. Qe2+ $2 (47. Qh4+ $15 Kxe5 48. Qh8+ Kf4 49. Qh4+ Kf5 50. Ka1) 47... Kd5 $19 48. Qf3+ Kxe5 {Hoping for ...d3.} 49. Qe2+ $2 (49. Qg4) 49... Kd5 50. Qf3+ Kc5 51. Qb7 (51. Qf2 {was the only chance.}) 51... Rc2+ 52. Ka1 {[#]} d3 $1 {Strongly threatening ...Kd4.} 53. Qe7+ {[#]} Kd5 (53... Kc4 $1 $19 {has better winning chances. White must now prevent ...Kd4.} 54. Qh4+ Kd5) 54. Qd7+ $2 (54. Qd8+ $17 Ke5 55. Qh8+ Kf4 56. Qh4+ Ke3 57. Qh6+ Ke2 58. Qh2+ Ke3 59. Qh6+ Ke4 60. Qh4+ Kd5 61. Qd8+ Ke5 62. Qh8+ f6 63. Qb8+ Ke4 64. Qb4+ Kf3 65. Qe1) 54... Ke5 55. Qd8 Be4 56. Qb8+ Kf5 {( -> ...d2)} 57. Qd8 (57. Qf8 $142 f6 58. Qh6) 57... f6 ({Not} 57... d2 58. Qxd2 f6 59. Qa5+ Bd5 60. Qxa4 $15) 58. Qh8 Rc1+ 59. Kb2 Rh1 60. Qd8 Rh2+ 61. Ka1 Bd5 {Black mates.} ({Weaker is} 61... d2 62. Qxd2 Rh1+ 63. Ka2 $17) 62. Qc7 {[#]} d2 $1 {[%mdl 512]} 63. Qc2+ Kg5 64. Kb2 d1=N+ {Precision: White = 37%, Black = 66%.} 0-1

[Event "16th Delhi GM Open 2018"]
[Site "Delhi"]
[Date "2018.01.14"]
[Round "8"]
[White "Srija, Seshadri"]
[Black "Nitin, S.."]
[Result "0-1"]
[WhiteElo "2203"]
[BlackElo "2422"]
[Annotator "TA"]
[PlyCount "116"]
[EventDate "2018.??.??"]
[EventType "swiss"]
[EventCountry "IND"]
[SourceTitle "playchess.com"]
[Source "ChessBase"]
[SourceQuality "1"]

{[%evp 23,116,56,49,37,47,47,85,48,91,81,84,35,75,64,71,52,71,60,60,55,57,19,25,0,0,0,0,-65,-59,-51,-80,-73,-76,-79,-28,-37,-16,-134,-132,-118,-138,-228,-228,-255,-248,-256,-204,-354,-351,-351,-362,-358,-356,-360,-348,-356,-349,-397,-375,-464,-480,-458,-461,-339,-470,-457,-441,-706,-683,-658,-507,-676,-601,-1454,-1454,-1352,-1254,-1220,-1352,-1471,-1424,-1287,-1394,-1789,-1724,-1826,-1884,-29974,-29975,-29978,-29979,-29974,-6416,-29990,-29991]} 1. e4 c5 2. Nf3 e6 3. d4 cxd4 4. Nxd4 a6 5. c4 Nf6 6. Nc3 Qc7 7. a3 b6 8. Be3 Bb7 {B41: Sizilianisch (Paulsen-Variante)} 9. f3 d6 (9... Nc6 10. Rc1 Bc5 11. Qd2 O-O 12. Be2 Rac8 13. b4 Bxd4 14. Bxd4 Nxd4 15. Qxd4 {1-0 (33) Ponomariov,R (2694)-Fedorchuk,S (2648) Riadh 2017}) 10. Be2 Nbd7 11. O-O Be7 12. Rc1 Rc8 {LiveBook: 53 Partien} 13. b4 $146 ({Vorgänger:} 13. Qe1 h5 14. Qf2 Qb8 15. Rfd1 h4 {½-½ (36) Kumaran,B (2197)-Navin,K (2402) Chennai 2012}) 13... Qb8 14. Qe1 h5 15. Qf2 h4 16. Rfd1 Bd8 17. b5 Nc5 18. bxa6 Bxa6 19. Ndb5 Be7 20. Rb1 Nfd7 21. Rb2 O-O 22. Rbd2 {[%cal Rb5d6]} Nb3 23. Rb2 Na5 24. Qf1 Ne5 {[%cal Re5c4]} 25. c5 (25. Rb4 $11) 25... dxc5 $15 26. f4 Nec6 27. e5 Rfd8 28. Ne4 {[#]} Nxe5 $1 {[%mdl 512]} 29. fxe5 $11 Qxe5 30. Rxd8+ (30. Nbc3 $11 Bxe2 31. Qxe2) 30... Rxd8 $17 31. Nbc3 Bxe2 32. Rxe2 (32. Qxe2 $17 f5 33. Bg5 (33. Qh5 $2 Nc4 $19) 33... fxe4 34. Bxe7) 32... f5 $19 33. Ng5 {Und Sb5 würde nun gewinnen.} Qxc3 34. Nxe6 Rd3 35. Bc1 (35. Bf2 {war erzwungen.} Nc6 36. Re1) 35... Nc4 36. Re1 Ne3 37. Qe2 {[%cal Rc1e3] [#]} Qxe1+ $1 {[%mdl 512]} 38. Qxe1 Rd1 39. Qxd1 Nxd1 {[%mdl 4096] Endspiel KLS-KLS} 40. Nc7 Nc3 41. Bd2 Bd6 42. Ne8 Be5 43. Bxc3 Bxc3 {KL-KS} 44. Nd6 g6 45. h3 (45. a4 $142 Be5 46. Nc4) 45... Kg7 46. Kf1 Kf6 47. Ke2 Ke6 48. Nc4 b5 49. Kd3 Be5 50. Nd2 Kd5 51. Kc2 c4 52. Nf3 Bf6 53. Kd2 g5 54. Kc2 g4 55. hxg4 fxg4 {[%cal Bf5g4,Bg4g3][%mdl 32]} 56. Nh2 g3 57. Nf3 {[#]} Ke4 (57... h3 $142 $1 58. gxh3 g2 59. Ng1 Bd4 60. Ne2 g1=Q 61. Nxg1 Bxg1 62. Kc3 Bc5 63. Kd2 Bxa3 64. h4 b4 65. h5 b3 66. Ke3 b2 67. Kf3 b1=Q 68. Kg3 Qg1+ 69. Kf4 Be7 70. Kf3 Bh4 71. h6 Qg3+ 72. Ke2 Qd3#) 58. Kd2 h3 {Precision: Weiß = 32%, Schwarz = 79%.} 0-1

[Event "16th Delhi GM Open 2018"]
[Site "Delhi"]
[Date "2018.01.15"]
[Round "9"]
[White "Amonatov, Farrukh"]
[Black "Sardana, Rishi"]
[Result "1/2-1/2"]
[WhiteElo "2636"]
[BlackElo "2402"]
[Annotator "TA"]
[PlyCount "121"]
[EventDate "2018.??.??"]
[EventType "swiss"]
[EventCountry "IND"]
[SourceTitle "playchess.com"]
[Source "ChessBase"]
[SourceQuality "1"]

{[%evp 28,121,27,21,21,22,37,25,20,0,12,0,0,0,0,-18,-16,-14,-21,-13,-2,-12,0,0,0,0,0,0,0,0,0,0,0,0,8,8,8,9,20,2,7,0,0,0,0,0,182,8,8,8,12,14,21,-11,116,119,161,166,161,161,161,146,146,139,176,176,176,168,168,168,168,168,168,168,156,140,85,32,32,32,32,32,56,63,85,8,8,8,8,8,8,8,8,8,8,8]} 1. e4 e5 2. Nf3 Nc6 3. Bb5 {[%cal Bf1b5,Bb5a4,Ba4b3][%mdl 32]} a6 4. Ba4 Nf6 5. O-O Be7 6. Re1 b5 7. Bb3 d6 8. c3 O-O 9. h3 Nb8 {[%cal Bc6b8,Bb8d7,Bd7b6,Bb6c4][%mdl 32]} 10. d4 Nbd7 11. Nbd2 Bb7 12. Bc2 Re8 13. Nf1 Bf8 14. Ng3 g6 15. a4 Nb6 {C95: Closed Ruy Lopez: Breyer Variation with 10 d4} 16. axb5 (16. a5 Nbd7 17. b3 exd4 18. cxd4 c5 19. d5 Rc8 20. Bf4 Ne5 21. Nxe5 dxe5 22. Bg5 h6 23. Be3 {½-½ (64) Saric,I (2662)-Cheparinov,I (2695) Mali Losinj 2017}) 16... axb5 17. Rxa8 Qxa8 {White has an edge.} 18. Bg5 Bg7 19. dxe5 $146 ({Predecessor:} 19. Qe2 exd4 20. Bxf6 Bxf6 21. cxd4 Qa5 22. Bd3 Qb4 23. Bxb5 c6 24. Bd3 Bxd4 25. Nxd4 Qxd4 26. Rd1 Qe5 27. Ba6 Bxa6 28. Qxa6 Qc5 {½-½ (28) Kublashvili,E (2049)-Kostjuk,T (2130) Vladimir 2005}) 19... dxe5 20. Qc1 Nc4 21. Bh6 {Strongly threatening Bxg7.} Nd6 {[%cal Rf6e4]} 22. Bxg7 Kxg7 23. Qe3 Qa2 24. Rb1 b4 25. Nd2 Qa5 26. c4 c5 27. Nb3 Qc7 28. Qxc5 Qxc5 29. Nxc5 Rc8 30. Nd3 Rxc4 31. Bb3 $36 {[%mdl 2048] White has the initiative.} Rd4 $1 {[%cal Rd4d3]} 32. Nxe5 {With the idea f3.} Ndxe4 33. Nxe4 Bxe4 34. Rd1 Rxd1+ 35. Bxd1 $11 {[%mdl 4096] Endgame KBN-KBN} Nd5 36. f3 Ne3 $2 (36... Bf5 $11) 37. Bb3 $2 (37. fxe4 $18 Nxd1 38. Nc4) 37... Bc2 $1 {[%cal Rc2b3]} 38. Bxf7 Kf6 39. Nc4 Nd1 40. Be8 Bd3 (40... Bb3 $11 41. Na5 Bg8) 41. Ba4 $16 Bxc4 42. Bxd1 {KB-KB} Ke5 43. Kf2 Kd4 44. Be2 Be6 45. h4 h6 46. Bb5 $1 g5 {[#]} 47. g3 $1 Bd5 48. Ke2 Bb7 49. Be8 Bd5 50. Bg6 Be6 51. Kf2 Bb3 (51... Bd5 $142 52. hxg5 hxg5) 52. hxg5 ({Better is} 52. f4 $16) 52... hxg5 $14 53. f4 gxf4 54. gxf4 Bd1 55. Bf7 Bc2 {[#]} 56. Kg3 (56. Be6 $1 $16) 56... b3 $11 {The position is equal.} 57. Kg4 Ke3 58. f5 Bxf5+ $1 59. Kxf5 Kd2 $1 60. Bxb3 {Threatening mate with Bg8.} Kc1 61. Ke4 {Precision: White = 59%, Black = 61%.} 1/2-1/2